Código Orgánico de Tribunales: edición oficial, aprobada por decreto N§ 638, de 21 de julio de 1999, del Ministerio de Justicia

Shranjeno v:
Bibliografske podrobnosti
Format: Knjiga
Jezik:španščina
Izdano: Santiago Jurídica de Chile 1999
Izdaja:17a. ed
Teme:
Oznake: Označite
Brez oznak, prvi označite!

MARC

LEADER 00000nam a2200000 a 4500
001 UCP6972
003 CL-VaPUC
008 991126e19990000CL |||||||||||||||||spa|d
082 0 4 |a 347.8301  |b COD  |2 21 
245 1 0 |a Código Orgánico de Tribunales: edición oficial, aprobada por decreto N§ 638, de 21 de julio de 1999, del Ministerio de Justicia 
250 |a 17a. ed 
300 |a 424 p 
942 |c BK 
945 |d 19991126 00:00:00  |a vberengu 
260 |a Santiago  |b Jurídica de Chile  |c 1999 
500 |a Apéndice actualizado a septiembre de 1999 
650 0 |a Código orgánico de tribunales  |9 256731 
650 7 |a TRIBUNALES LEGISLACION CHILE  |2 CL-VaPUC  |9 436316 
651 7 |a CHILE  |2 CL-VaPUC  |9 436317 
583 |a last modification  |c 19991126 00:00:00  |k Rodrigo Vera 
999 |c 284344  |d 284342 
952 |0 0  |1 0  |2 ddc  |4 0  |6 347_830100000000000_COD_1999  |7 0  |8 FOND_LRYV  |9 328245  |a BIBDER  |b BIBDER  |d 2019-11-20  |i 3583775  |o 347.8301 COD 1999  |p 3583775  |r 2023-01-25  |w 2019-11-20  |y BK_X  |k DER 
952 |0 0  |1 0  |2 ddc  |4 0  |6 347_830100000000000_COD_1999  |7 0  |8 FOND_LRYV  |9 328246  |a BIBDER  |b BIBDER  |d 2019-11-20  |i 3583783  |o 347.8301 COD 1999  |p 3583783  |r 2023-01-25  |w 2019-11-20  |y BK_X  |k DER